Pavement analysis / (Record no. 547695)

000 -LEADER
fixed length control field 00476pam a2200157 a 4500
020 ## - INTERNATIONAL STANDARD BOOK NUMBER
International Standard Book Number 0444428178 :
082 00 - DEWEY DECIMAL CLASSIFICATION NUMBER
Classification number 625.80287
Author Mark ULL
100 1# - MAIN ENTRY--PERSONAL NAME
Personal name Ullidtz, Per,
9 (RLIN) 26747
245 10 - TITLE STATEMENT
Title Pavement analysis /
Statement of responsibility, etc. Per Ullidtz.
260 ## - PUBLICATION, DISTRIBUTION, ETC.
Place of publication, distribution, etc. Amsterdam ;
-- New York :
Name of publisher, distributor, etc. Elsevier,
Date of publication, distribution, etc. 1987.
300 ## - PHYSICAL DESCRIPTION
Extent xii, 318 p. :
Other physical details ill. ;
Dimensions 25 cm.
490 1# - SERIES STATEMENT
Series statement Developments in civil engineering ;
526 ## - STUDY PROGRAM INFORMATION NOTE
Program name 0
Interest level 0
Reading level 0
Title point value 625_802870000000000_ULL
650 #0 - SUBJECT ADDED ENTRY--TOPICAL TERM
Topical term or geographic name entry element Pavements
General subdivision Testing.
9 (RLIN) 21218
942 ## - ADDED ENTRY ELEMENTS (KOHA)
Source of classification or shelving scheme
Koha item type Book
Holdings
Withdrawn status Lost status Source of classification or shelving scheme Damaged status Not for loan Permanent Location Current Location Date acquired Total Checkouts Full call number Barcode Date last seen Price effective from Koha item type
          Military College of Engineering (MCE) Military College of Engineering (MCE) 08/05/2014   625.80287 ULL MCE-29932 08/05/2014 08/05/2014 Book
© 2023 Central Library, National University of Sciences and Technology. All Rights Reserved.